000 00630nam a2200217 4500
003 OSt
005 20240702074931.0
006 a
008 240702b |||||||| |||| 00| 0 eng d
020 _a9789812533159
040 _aDWCL-Main lib.
_cOC
082 _2Fourth edition
_aCirc. 571.2 H796i 2009
100 _aHopkins,William G.
245 _aIntroduction to plant physiology /
250 _aFourth edition
260 _aNew Jersey :
_bJohn Wiley & Sons,
_cc2009
300 _axviii,
_b503p.: ill.;
_c25cm.
504 _aIncludes index.
650 _a1. Plant physiology.
942 _2ddc
_n0
_cBK-CIRC
_eFourth edition
_kCirc.
999 _c1828
_d1828